00685nam a2200169Ia 4500008004100000020001500041041000800056082001900064100005200083245012600135250000600261260004200267300001200309650001900321999001900340952015600359210716s2006 xx 000 0 und d a8120325826 aeng a574.80285 RASS aRastogi, S C;Mendiratta, Namita;Rastogi, Parag. aBioinformatics methods and applications: genomics proteomics and drug discovery.bGenomics proteomics and drug discovery. a2 aNew DelhibPHI Learning Pvt Ltdc2006 axvi,456 aBioinformatics c187712d187712 00102ddc40708MCAaAIMITbAIMITd2024-07-10eHigginbothams Pvt Ltdg295.00l0o574.80285 RASSpMCA07220r2025-07-21 00:00:00v236.00w2021-07-16yBK